The methodogical dilemma creative, critical and collaborative approaches to qualitative research
Saved in:
| Other Authors: | |
|---|---|
| Format: | Book |
| Language: | English |
| Published: |
London New York
Routledge
2008
|
| Subjects: | |
| Tags: |
Add Tag
No Tags, Be the first to tag this record!
|
| Call Number : | H61 .M49194 2008 |
MARC
| LEADER | 00000pam a2200000 a 4500 | ||
|---|---|---|---|
| 001 | 26084 | ||
| 003 | MY-KLNDU | ||
| 005 | 20241218081936.0 | ||
| 008 | t2008 nyu d 0 1 dengdc | ||
| 020 | |a 041546062X (pbk) | ||
| 020 | |a 9780415460620 (pbk) | ||
| 020 | |a 0415460611 (hbk) | ||
| 020 | |a 9780415460613 (hbk) | ||
| 020 | |a 0203927176 (ebk) | ||
| 020 | |a 9780203927175 (ebk) | ||
| 035 | |a 0000038488 | ||
| 039 | 9 | |a 201003180938 |b aiza |c 201001110958 |d diyana |c 200911181249 |d VLOAD |y 200910091753 |z VLOAD | |
| 090 | |a H61 |b .M49194 2008 | ||
| 245 | 1 | 4 | |a The methodogical dilemma |b creative, critical and collaborative approaches to qualitative research |c Kathleen Gallagher |
| 260 | |a London |a New York |b Routledge |c 2008 | ||
| 300 | |a xiii, 272p. |c 24cm | ||
| 504 | |a Includes bibiographical references and index | ||
| 591 | |a 0000009144 |b 05/06/09 |c 0306-08 |d 1 |e RM134.34 |f 1 |g 134.34 |h Pustaka Darul Warisan Sdn. Bhd. | ||
| 650 | 0 | |a Social sciences |x Methodology | |
| 650 | 0 | |a Social sciences |x Research | |
| 650 | 0 | |a Qualitative research | |
| 700 | 1 | |a Gallagher, Kathleen |d 1965 Dec. 31- | |
| 999 | |a vtls000036055 |c 26084 |d 26084 | ||


